<?xml version="1.0" encoding="UTF-8"?><marc:collection xmlns:marc="http://www.loc.gov/MARC21/slim">
  <marc:record>
    <marc:leader>00000nam##2200000za#4500</marc:leader>
    <marc:controlfield tag="001">9.675272</marc:controlfield>
    <marc:controlfield tag="003">CaOODSP</marc:controlfield>
    <marc:controlfield tag="005">20210624225200</marc:controlfield>
    <marc:controlfield tag="007">cr |||||||||||</marc:controlfield>
    <marc:controlfield tag="008">150407|1997||||xxc|||||o    f|0| 0 fre|d</marc:controlfield>
    <marc:datafield tag="040" ind1=" " ind2=" ">
      <marc:subfield code="a">CaOODSP</marc:subfield>
      <marc:subfield code="b">fre</marc:subfield>
    </marc:datafield>
    <marc:datafield tag="041" ind1=" " ind2=" ">
      <marc:subfield code="a">eng</marc:subfield>
    </marc:datafield>
    <marc:datafield tag="041" ind1=" " ind2=" ">
      <marc:subfield code="a">fre</marc:subfield>
    </marc:datafield>
    <marc:datafield tag="043" ind1=" " ind2=" ">
      <marc:subfield code="a">n-cn---</marc:subfield>
    </marc:datafield>
    <marc:datafield tag="086" ind1="1" ind2=" ">
      <marc:subfield code="a">M86-30/1997-PDF</marc:subfield>
    </marc:datafield>
    <marc:datafield tag="110" ind1="1" ind2=" ">
      <marc:subfield code="a">Canada.</marc:subfield>
      <marc:subfield code="b">Ressources naturelles Canada. </marc:subfield>
      <marc:subfield code="b">Comité permanent canadien des noms géographiques.</marc:subfield>
    </marc:datafield>
    <marc:datafield tag="245" ind1="1" ind2="3">
      <marc:subfield code="a">La toponymie autochtone du Canada: une bibliographie annotée : </marc:subfield>
      <marc:subfield code="h">[ressource électronique]</marc:subfield>
      <marc:subfield code="b">une bibliographie annotée / </marc:subfield>
      <marc:subfield code="c">Compilation par Albertina Pianarosa; publié par Géomatique Canada. </marc:subfield>
    </marc:datafield>
    <marc:datafield tag="250" ind1=" " ind2=" ">
      <marc:subfield code="a">Troisième édition (cumulative)</marc:subfield>
    </marc:datafield>
    <marc:datafield tag="260" ind1=" " ind2=" ">
      <marc:subfield code="a">Ottawa - Ontario : </marc:subfield>
      <marc:subfield code="b">Ressources naturelles Canada. </marc:subfield>
      <marc:subfield code="c">1997.</marc:subfield>
    </marc:datafield>
    <marc:datafield tag="300" ind1=" " ind2=" ">
      <marc:subfield code="a">203p.</marc:subfield>
      <marc:subfield code="b">ill. en couleur, index</marc:subfield>
    </marc:datafield>
    <marc:datafield tag="500" ind1=" " ind2=" ">
      <marc:subfield code="a">Données de catalogage avant publication (Canada) imprimées dans cette publication. «Le corps principal de la bibliographie est divisé en deux parties, l'une donnant de l'information sur la toponymie canadienne, l'autre sur la toponymie étrangère. Dans les deux cas, les entrées sont numérotées et présentées par ordre alphabétique de noms d'auteur. Lorsqu'un livre ou un article a été écrit par deux ou plusieurs auteurs, chaque nom supplémentaire est cité en entrée, renvoyant au livre ou à l'article approprié. De plus, nous avons créé des index alphabétiques pour a) les lieux géographiques et b) les groupes et les langues autochtones, et nous y avons intégré les numéros d'entrée utilisés dans le corps principal de la bibliographie. Finalement, une liste hiérarchique des lieux géographiques a été ajoutée afin de faciliter la consultation.»--Page iii.</marc:subfield>
    </marc:datafield>
    <marc:datafield tag="500" ind1=" " ind2=" ">
      <marc:subfield code="a">«Préface (de la première édition, 1993)».--Page 4 de 203.</marc:subfield>
    </marc:datafield>
    <marc:datafield tag="520" ind1="3" ind2=" ">
      <marc:subfield code="a">Le corps principal de la bibliographie est divisé en deux parties, l'une donnant de l'information sur la toponymie canadienne, l'autre sur la toponymie étrangère. Dans les deux cas, les entrées sont numérotées et présentées par ordre alphabétique de noms d'auteur. Lorsqu'un livre ou un article a été écrit par deux ou plusieurs auteurs, chaque nom supplémentaire est cité en entrée, renvoyant au livre ou à l'article approprié. De plus, nous avons créé des index alphabétiques pour a) les lieux géographiques et b) les groupes et les langues autochtones, et nous y avons intégré les numéros d'entrée utilisés dans le corps principal de la bibliographie. Finalement, une liste hiérarchique des lieux géographiques a été ajoutée afin de faciliter la consultation.--Page iii</marc:subfield>
    </marc:datafield>
    <marc:datafield tag="590" ind1=" " ind2=" ">
      <marc:subfield code="a">11-25-Supp</marc:subfield>
      <marc:subfield code="b">2011-10-31</marc:subfield>
    </marc:datafield>
    <marc:datafield tag="691" ind1="0" ind2="7">
      <marc:subfield code="a">Toponymie</marc:subfield>
      <marc:subfield code="2">gcpds</marc:subfield>
    </marc:datafield>
    <marc:datafield tag="776" ind1="0" ind2="#">
      <marc:subfield code="t">Aboriginal geographical names of Canada: an annotated bibliography </marc:subfield>
      <marc:subfield code="w">(CaOODSP)9.659901</marc:subfield>
    </marc:datafield>
    <marc:datafield tag="791" ind1=" " ind2=" ">
      <marc:subfield code="t">Aboriginal geographical names of Canada : </marc:subfield>
      <marc:subfield code="e">eng</marc:subfield>
      <marc:subfield code="w">(CaOODSP)9.675271</marc:subfield>
    </marc:datafield>
    <marc:datafield tag="856" ind1="4" ind2="0">
      <marc:subfield code="a">http://publications.gc.ca</marc:subfield>
      <marc:subfield code="q">PDF</marc:subfield>
      <marc:subfield code="s">850 Ko</marc:subfield>
      <marc:subfield code="u">https://publications.gc.ca/collections/collection_2011/rncan-nrcan/M86-30-1997.pdf</marc:subfield>
    </marc:datafield>
  </marc:record>
</marc:collection>
